| 000 | 00563nam a2200169 4500 | ||
|---|---|---|---|
| 001 | 122475 | ||
| 003 | ES-MaACL | ||
| 007 | t| | ||
| 008 | 070214s1911 fr r ||||1| fre d | ||
| 100 | 1 |
_aPrince, Morton. _993980 |
|
| 245 | 1 | 3 |
_aLa dissociation d'une personnalité _b: étude biographique de psychologie pathologique / _cpar Morton Prince ; traduit par Renée J. Ray et Jean Ray. |
| 260 |
_aParis : _bFélix Alcan, _c1911. |
||
| 300 |
_a526 p. ; _c23 x 14 cm. |
||
| 700 | 1 |
_aRay, Renée J. _995621 |
|
| 700 | 1 |
_aRay, Jean. _995616 |
|
| 852 |
_aES-MaACL _jB-7031 |
||
| 999 |
_c122475 _d122475 |
||